Religion Quiz

Random Religion or Bible Quiz

Common Bible Words: A Quiz Stats

Quiz not verified by Sporcle

Challenge
Share
Tweet
Embed
Score 0/11 Timer 10:00
0 Plays Today
% Correct
an
95.5%
adam
50%
abraham
31.8%
another
27.3%
always
27.3%
art
22.7%
also
20.5%
along
11.4%
although
11.4%
amongst
9.1%
aside
9.1%

You're not logged in!

Compare scores with friends on all Sporcle quizzes.
Join for Free
OR
Log In

You Might Also Like...

Show Comments

Extras

Created Mar 13, 2012ReportNominate
Tags:Bible Quiz, common

Top Quizzes Today


Score Distribution

Your Account Isn't Verified!

In order to create a playlist on Sporcle, you need to verify the email address you used during registration. Go to your Sporcle Settings to finish the process.

Report this User

Report this user for behavior that violates our Community Guidelines.

Details: